Mess - Noah Kahan (All Lyrics) - Statistics

General Stats
  • This quiz has been taken 61 times
  • The average score is 335 of 408
Answer Stats
Lyrics % Correct
a
100%
I
100%
the
97%
And
94%
and
94%
to
94%
all
91%
me
91%
my
91%
back
89%
back,
89%
I'll
89%
"I'm
89%
I'm
89%
mess,
89%
mess"
89%
mess
89%
say
89%
Take
89%
take
89%
up
89%
you're
89%
get
86%
God,
86%
God"
86%
oh
86%
Oh,
86%
be
83%
her
83%
home
83%
If
83%
on
83%
Boston,
80%
could
80%
in
80%
love
80%
put
80%
she'll
80%
they
80%
this
80%
would
80%
89
77%
apartment
77%
help
77%
it
77%
pieces
77%
together
77%
was
77%
what
77%
Where
77%
belong,
74%
clean
74%
drunk,
74%
forever,
74%
give
74%
I'd
74%
move
74%
myself
74%
new
74%
Of
74%
we'll
74%
along,
71%
born
71%
city
71%
dogs
71%
feed
71%
good
71%
morning
71%
see
71%
set
71%
"Shit,
71%
That
71%
unimportant
71%
cold
69%
flight
69%
into
69%
knew
69%
old
69%
problem
69%
sweat
69%
wake
69%
With
69%
clothing
66%
is
66%
only
66%
things
66%
try
66%
typical
66%
way
66%
wrong
66%
before
63%
bitterness
63%
but
63%
ever
63%
fit
63%
Happy,
63%
just
63%
looked
63%
prove
63%
there's
63%
weight
63%
wipe
63%
forgot
60%
friends,
60%
gone
60%
how
60%
ignore
60%
So
60%
want
60%
wore
60%
ask
57%
mask
57%
stage
57%
had
54%
not
54%
still
54%
tour
54%
comfort
51%
debts,
51%
find
51%
found
51%
guess
51%
off
51%
paid
51%
world
51%
boring
49%
Now
49%
called
46%
hoped
40%
That's
23%
No matching quizzes found
Score Distribution
Percent of People with Each Score
Percentile by Number Answered
Your Score History
You have not taken this quiz